| 000 | 01260nam a22002897a 4500 | ||
|---|---|---|---|
| 001 | BD-DhSAU 8747 | ||
| 003 | BD-DhSAU | ||
| 005 | 20181213123537.0 | ||
| 008 | 150612b2009 bg a|||| m||| 00| 0 eng d | ||
| 040 | _aBD-DhSAU | ||
| 082 |
_222 _a595.7 _bAd44 |
||
| 100 |
_aAdib, Khaleda _eRegistration no. # 03-01203 |
||
| 245 |
_aEffect of intercropping on the incidence of insect pests of Cicer arietinum L. (chickpea) / _bMS thesis _cKhaleda Adib |
||
| 260 |
_aSher-e-Bangla Agricultural Uniersity : _bDepartment of Entomology, _c2009. |
||
| 300 |
_avi,83 p. : _bill. ; _c30 cm. |
||
| 500 | _aMS thesis of Department of Entomology, Faculty of Agriculture, Sher-e-Bangla Agricultural University, Dhaka, Bangladesh | ||
| 504 | _aIncludes bibliographical reference. | ||
| 590 | _aerfat | ||
| 650 | _aEntomology | ||
| 650 | _aEffect of intercropping on the incidence of | ||
| 650 | _ainsect pests of Cicer arietinum L. (chickpea) | ||
| 650 | _aDiaphania caesalis (Walker) | ||
| 700 |
_a Bhuiyan, Md Serajul Islam _eSuperviser |
||
| 700 |
_aLatif, Md Abdul _eCo-superviser |
||
| 856 | _uhttp://archive.saulibrary.edu.bd:8080/xmlui/handle/123456789/1237 | ||
| 942 |
_2ddc _cTHESIS |
||
| 999 |
_c8747 _d8747 |
||